Giuseppe Arcimboldo 1527-1593

Saved in:
Bibliographic Details
Main Author: Kriegeskorte, Werner (Author)
Format: Book
Language:English
Published: Köln : Benedikt Taschen Verlag, 2000
Subjects:
Tags: Add Tag
No Tags, Be the first to tag this record!

MARC

LEADER 00000nam a22000003a 4500
001 stu126961
005 20150617225905.5
008 060926s2000------------------------eng-d
020 |a 3-8228-5993-1 
040 |a STU  |b slo 
041 0 |a eng 
100 1 |a Kriegeskorte, Werner  |4 aut 
245 1 |a Giuseppe Arcimboldo 1527-1593 
260 |a Köln :  |b Benedikt Taschen Verlag,  |c 2000 
300 |a 79 s 
650 7 |a Arcimboldo,Giuseppe  |2 stusub 
650 7 |a výtvarníci zahraniční  |2 stusub 
996 |b 284AU03140  |c A*4826 U  |l AAKNAR  |s A  |a 24  |w stu126961_0001